000 00453cam a2200193u 4500
001 6040323
005 20180301083328.0
008 821203s1953 pau 000 0 eng
010 _a 53009358
040 _aDLC
_cCarP
_dDLC
041 _aeng
080 _a159.9 NOY
082 _a159.9 NOY
100 1 _a48
101 _aPSI
245 0 0 _aModern clinical psychiatry.
906 _a0
_bcbc
_cpremunv
_du
_encip
_f19
_gy-gencatlg
942 _2ddc
_cBK
999 _c43863
_d43863